| 000 | 00534nam a2200193Ia 4500 | ||
|---|---|---|---|
| 003 | OSt | ||
| 005 | 20250712092625.0 | ||
| 008 | 210210b1983 xxu||||| |||| 00| 0 eng d | ||
| 040 | _cAL | ||
| 041 | _aKannada | ||
| 082 | _a301K SHAS | ||
| 100 |
_aSHANKAR RAV (Cha Na). _9162715 _d ಶಂಕರ್ ರಾವ್ (ಚ ನ) |
||
| 245 |
_aSamajashastra. _bಸಮಾಜಶಾಸ್ತ್ರ |
||
| 260 |
_aMangaluru _bJai Bharat prakashana _c1983 |
||
| 300 | _aiv,256 | ||
| 690 |
_aSociology _9162716 |
||
| 906 | _a037331 | ||
| 942 |
_2ddc _cBK |
||
| 999 |
_c87647 _d87647 |
||